LEADER 01219nam 2200349Ia 450 001 996391560203316 005 20200824125305.0 035 $a(CKB)1000000000677119 035 $a(EEBO)2264206674 035 $a(OCoLC)ocm8252070e 035 $a(OCoLC)8252070 035 $a(EXLCZ)991000000000677119 100 $a19820318d1676 uy | 101 0 $aeng 135 $aurbn||||a|bb| 200 12$aA sermon preached at St. Margarets in Westminster at the funeral of Mrs. Susanna Gray, daughter of Henry Gray, Esq. of Enfield in Staffordshire, who on the 29 of October, 1654, began her eternal sabbath$b[electronic resource] /$fby Robert Waring 210 $aLondon $c[s.n.]$dPrinted in the year 1676 215 $a95 p 300 $aReproduction of original in the Cambridge University Library. 330 $aeebo-0021 606 $aFuneral sermons 606 $aSermons, English$y17th century 615 0$aFuneral sermons. 615 0$aSermons, English 700 $aWaring$b Robert$f1614-1658.$01003722 801 0$bEEU 801 1$bEEU 801 2$bWaOLN 906 $aBOOK 912 $a996391560203316 996 $aA sermon preached at St. Margarets in Westminster$92342499 997 $aUNISA LEADER 01291nam0 22003373i 450 001 LO10055953 005 20231121125514.0 020 $aIT$b1946 2302 100 $a20030701d1946 ||||0itac50 ba 101 | $aita 102 $ait 181 1$6z01$ai $bxxxe 182 1$6z01$an 200 1 $aMondo finito$fArmando Sapori 210 $aRoma$cLeonardo$d1946 215 $aVII, 294 p.$d22 cm 225 | $aDocumenti e testimonianze$v4 410 0$1001UMC0991969$12001 $aDocumenti e testimonianze$v4 676 $a858.91203$9$v21 700 1$aSapori$b, Armando$3CFIV030345$4070$0443653 801 3$aIT$bIT-01$c20030701 850 $aIT-RM0289 $aIT-RM0418 $aIT-RM0460 $aIT-FR0017 899 $aBiblioteca Statale A. Baldini$bRM0289 899 $aBIBLIOTECA ACCADEMIA NAZ. DEI LINCEI E CORSINIANA$bRM0418 899 $aBiblioteca Dell' Archivio Centrale Dello Stato$bRM0460 899 $aBiblioteca umanistica Giorgio Aprea$bFR0017 $eN 912 $aLO10055953 950 0$aBiblioteca umanistica Giorgio Aprea$d 52DCB L 1$e 52SBA0000253215 VMB RS $fA $h20190910$i20190910 977 $a 04$a 10$a 27$a 52 996 $aMondo finito$93607915 997 $aUNICAS